| 000 | 00406nam a2200181Ia 4500 | ||
|---|---|---|---|
| 005 | 20240823043540.0 | ||
| 008 | 240823s9999||||xx |||||||||||||| ||und|| | ||
| 041 | _aENGLISH | ||
| 082 | _A519 | ||
| 100 | _aJanakiraman S | ||
| 245 | 0 | _aMathematics Volume II | |
| 250 | _a1st | ||
| 260 | _bJ J Publica | ||
| 500 | _aTRANSFERED | ||
| 650 |
_aMathematics _bMathematics |
||
| 942 | _cBK | ||
| 999 |
_c210486 _d210486 |
||